<?xml version="1.0" encoding="UTF-8"?>
<record
    xmlns:xsi="http://www.w3.org/2001/XMLSchema-instance"
    xsi:schemaLocation="http://www.loc.gov/MARC21/slim http://www.loc.gov/standards/marcxml/schema/MARC21slim.xsd"
    xmlns="http://www.loc.gov/MARC21/slim">

  <leader>02263pam a22003494a 4500</leader>
  <controlfield tag="001">4101266</controlfield>
  <controlfield tag="003">OSt</controlfield>
  <controlfield tag="005">20151009104304.0</controlfield>
  <controlfield tag="008">020829s2003    maua     b    001 0 eng  </controlfield>
  <datafield tag="010" ind1=" " ind2=" ">
    <subfield code="a">  2002034261</subfield>
  </datafield>
  <datafield tag="020" ind1=" " ind2=" ">
    <subfield code="a">0205359574</subfield>
  </datafield>
  <datafield tag="035" ind1=" " ind2=" ">
    <subfield code="a">(OCoLC)ocm50554192</subfield>
  </datafield>
  <datafield tag="035" ind1=" " ind2=" ">
    <subfield code="a">(NNC)4101266</subfield>
  </datafield>
  <datafield tag="040" ind1=" " ind2=" ">
    <subfield code="a">DLC</subfield>
    <subfield code="c">DLC</subfield>
    <subfield code="d">NNC</subfield>
    <subfield code="d">OrLoB-B</subfield>
  </datafield>
  <datafield tag="042" ind1=" " ind2=" ">
    <subfield code="a">pcc</subfield>
  </datafield>
  <datafield tag="050" ind1="0" ind2="0">
    <subfield code="a">HV40</subfield>
    <subfield code="b">.H7813 2003</subfield>
  </datafield>
  <datafield tag="082" ind1="0" ind2="0">
    <subfield code="a">361.3/2</subfield>
    <subfield code="2">21</subfield>
  </datafield>
  <datafield tag="245" ind1="0" ind2="0">
    <subfield code="a">Human behavior and the social environment :</subfield>
    <subfield code="b">social systems theory /</subfield>
    <subfield code="c">Julia M. Norlin ... [et al.].</subfield>
  </datafield>
  <datafield tag="250" ind1=" " ind2=" ">
    <subfield code="a">4th ed.</subfield>
  </datafield>
  <datafield tag="260" ind1=" " ind2=" ">
    <subfield code="a">Boston, Mass. :</subfield>
    <subfield code="b">Allyn and Bacon,</subfield>
    <subfield code="c">2003.</subfield>
  </datafield>
  <datafield tag="300" ind1=" " ind2=" ">
    <subfield code="a">xiv, 449 p. :</subfield>
    <subfield code="b">ill. ;</subfield>
    <subfield code="c">25 cm.</subfield>
  </datafield>
  <datafield tag="504" ind1=" " ind2=" ">
    <subfield code="a">Includes bibliographical references and index.</subfield>
  </datafield>
  <datafield tag="505" ind1="0" ind2="0">
    <subfield code="g">Pt. 1.</subfield>
    <subfield code="t">Overview -- </subfield>
    <subfield code="g">Ch. 1.</subfield>
    <subfield code="t">Introduction -- </subfield>
    <subfield code="g">Ch. 2.</subfield>
    <subfield code="t">A Social Systems Perspective: The Foundations for Social Systems Theory -- </subfield>
    <subfield code="g">Ch. 3.</subfield>
    <subfield code="t">Social Systems Theory: General Features -- </subfield>
    <subfield code="g">Pt. 2.</subfield>
    <subfield code="t">The Individual -- </subfield>
    <subfield code="g">Ch. 4.</subfield>
    <subfield code="t">The Individual: Theories of Psychology Used by Social Workers -- </subfield>
    <subfield code="g">Ch. 5.</subfield>
    <subfield code="t">Psychosocial Theory: A Social Systems Perspective -- </subfield>
    <subfield code="g">Pt. 3.</subfield>
    <subfield code="t">The Social Group -- </subfield>
    <subfield code="g">Ch. 6.</subfield>
    <subfield code="t">The Social Group: An Introduction -- </subfield>
    <subfield code="g">Ch. 7.</subfield>
    <subfield code="t">The Social Group: Theoretical Support -- </subfield>
    <subfield code="g">Ch. 8.</subfield>
    <subfield code="t">The Family as a System of Roles -- </subfield>
    <subfield code="g">Ch. 9.</subfield>
    <subfield code="t">The Social Group and Family: Social Systems Theory -- </subfield>
    <subfield code="g">Pt. 4.</subfield>
    <subfield code="t">The Formal Organization -- </subfield>
    <subfield code="g">Ch. 10.</subfield>
    <subfield code="t">The Formal Organization: An Introduction -- </subfield>
    <subfield code="g">Ch. 11.</subfield>
    <subfield code="t">The Formal Organization: Social Systems Theory -- </subfield>
    <subfield code="g">Ch. 12.</subfield>
    <subfield code="t">The Formal Organization as a Social System -- </subfield>
    <subfield code="g">Pt. 5.</subfield>
    <subfield code="t">The Community -- </subfield>
    <subfield code="g">Ch. 13.</subfield>
    <subfield code="t">The Community: An Introduction -- </subfield>
    <subfield code="g">Ch. 14.</subfield>
    <subfield code="t">The Community: Social Systems Theory -- </subfield>
    <subfield code="g">Ch. 15.</subfield>
    <subfield code="t">Social Stratification and Diversity.</subfield>
  </datafield>
  <datafield tag="520" ind1="1" ind2=" ">
    <subfield code="a">"This text provides a framework for evaluating various theories and a context for addressing social work practice with varying levels of social systems. The text examines the basic concepts in each of the various system sizes: the social group, the family, the organization, and the community."--BOOK JACKET.</subfield>
  </datafield>
  <datafield tag="650" ind1=" " ind2="0">
    <subfield code="a">Social service.</subfield>
  </datafield>
  <datafield tag="650" ind1=" " ind2="0">
    <subfield code="a">Social systems.</subfield>
  </datafield>
  <datafield tag="650" ind1=" " ind2="0">
    <subfield code="a">Social systems</subfield>
    <subfield code="x">Mathematical models.</subfield>
  </datafield>
  <datafield tag="650" ind1=" " ind2="0">
    <subfield code="a">Human behavior.</subfield>
  </datafield>
  <datafield tag="700" ind1="1" ind2=" ">
    <subfield code="a">Norlin, Julia M.</subfield>
  </datafield>
  <datafield tag="900" ind1=" " ind2=" ">
    <subfield code="b">TOC</subfield>
  </datafield>
  <datafield tag="942" ind1=" " ind2=" ">
    <subfield code="2">lcc</subfield>
    <subfield code="c">BK</subfield>
  </datafield>
  <datafield tag="999" ind1=" " ind2=" ">
    <subfield code="c">250390</subfield>
    <subfield code="d">250390</subfield>
  </datafield>
  <datafield tag="952" ind1=" " ind2=" ">
    <subfield code="0">0</subfield>
    <subfield code="1">0</subfield>
    <subfield code="2">lcc</subfield>
    <subfield code="4">0</subfield>
    <subfield code="7">0</subfield>
    <subfield code="a">40404</subfield>
    <subfield code="b">40404</subfield>
    <subfield code="c">GEN</subfield>
    <subfield code="d">2015-10-09</subfield>
    <subfield code="l">1</subfield>
    <subfield code="o">HV40 .H7813 2003</subfield>
    <subfield code="p">20088465</subfield>
    <subfield code="r">2023-11-03 00:00:00</subfield>
    <subfield code="s">2023-09-26</subfield>
    <subfield code="w">2015-10-09</subfield>
    <subfield code="y">BK</subfield>
  </datafield>
</record>
